[Event "BL2-Sued 2122"]
[Site "Germany"]
[Date "2022.06.18"]
[Round "7.8"]
[White "Hauser, Carlos"]
[Black "Born, Mario"]
[Result "1-0"]
[WhiteElo "2249"]
[BlackElo "2217"]
[PlyCount "57"]
[EventDate "2022.03.05"]
[EventType "team-tourn"]
[EventRounds "10"]
[EventCountry "GER"]
[SourceTitle "EXT 2023"]
[Source "ChessBase"]
[SourceDate "2022.10.05"]
[SourceVersion "1"]
[SourceVersionDate "2022.10.05"]
[SourceQuality "1"]
[WhiteTeam "Walldorf"]
[BlackTeam "Boeblingen"]
[WhiteTeamCountry "GER"]
[BlackTeamCountry "GER"]

1. d4 d5 2. c4 c6 3. Nf3 Nf6 4. Nc3 g6 5. cxd5 Nxd5 6. e4 Nxc3 7. bxc3 Bg7 8. Be2 0-0 9. 0-0 c5 10. Be3 cxd4 11. cxd4 Bg4 12. Rc1 Nc6 13. d5 Bxf3 14. gxf3 Na5 15. Qd2 b6 16. Ba6 Qd7 17. Bf4 Qh3 18. Qe3 e5 19. dxe6 Qxe6 20. Rc7 Rfd8 21. e5 Rd5 22. Rfc1 h5 23. Bc8 Rxc8 24. Rxc8+ Kh7 25. R8c7 a6 26. Kg2 b5 27. Qa7 Kg8 28. Rc8+ Kh7 29. R1c7 1-0

[Event "GER Cup Net V2 U2400"]
[Site "Playchess.com INT"]
[Date "2020.05.22"]
[Round "1"]
[White "Born, Mario"]
[Black "Kersten, Uwe"]
[Result "0-1"]
[WhiteElo "1805"]
[BlackElo "2016"]
[PlyCount "54"]
[EventDate "2020.05.22"]
[EventType "swiss (blitz)"]
[EventRounds "9"]
[EventCountry "GER"]
[SourceTitle "EXT 2021"]
[Source "ChessBase"]
[SourceDate "2020.10.23"]
[SourceVersion "1"]
[SourceVersionDate "2020.10.23"]
[SourceQuality "1"]

1. d4 Nf6 2. Nf3 c5 3. c4 cxd4 4. Nxd4 e5 5. Nb5 d5 6. cxd5 Bb4+ 7. Bd2 Bc5 8. N5c3 Nxd5 9. Qb3 Nb4 10. e4 N8c6 11. Nb5 a6 12. Bxb4 Bxb4+ 13. N5c3 Be6 14. Qd1 Qa5 15. Be2 Rd8 16. Qc1 Nd4 17. 0-0 0-0 18. Bd1 Rc8 19. a3 Rfd8 20. Qg5 f6 21. Qg3 Bc4 22. Re1 Kh8 23. h4 Ne6 24. Bg4 Rc6 25. Kh2 Nf4 26. Bf5 Rd3 27. Qg4 h5 0-1

[Event "GER Cup Net V1 U2400"]
[Site "Playchess.com INT"]
[Date "2020.05.19"]
[Round "4"]
[White "Schulz, Michael4444"]
[Black "Born, Mario"]
[Result "1-0"]
[WhiteElo "1966"]
[BlackElo "1840"]
[PlyCount "77"]
[EventDate "2020.05.19"]
[EventType "swiss (blitz)"]
[EventRounds "9"]
[EventCountry "GER"]
[SourceTitle "EXT 2021"]
[Source "ChessBase"]
[SourceDate "2020.10.23"]
[SourceVersion "1"]
[SourceVersionDate "2020.10.23"]
[SourceQuality "1"]

1. d4 d5 2. Bg5 c6 3. Nd2 Bf5 4. e3 Nf6 5. Bd3 e6 6. Ngf3 Bd6 7. 0-0 Qc7 8. h3 Nbd7 9. Bxf5 exf5 10. c4 0-0 11. c5 Be7 12. b4 Rfe8 13. a4 a6 14. Qb3 Ne4 15. Bxe7 Rxe7 16. b5 axb5 17. axb5 Ree8 18. b6 Qc8 19. Ra3 Rxa3 20. Qxa3 Nb8 21. Ra1 Na6 22. Qd3 f6 23. Nb3 Nb4 24. Qb1 Na6 25. Na5 Re7 26. Qd3 Nb8 27. Nd2 Nxd2 28. Qxd2 Re4 29. Qd3 f4 30. exf4 Na6 31. Nxb7 Nb4 32. Nd6 Nxd3 33. Nxc8 Rxd4 34. Nd6 Kf8 35. b7 Rb4 36. Ra8+ Ke7 37. b8Q Rxb8 38. Rxb8 Nxc5 39. Nf5+ 1-0

[Event "Oberliga Wuerttemberg 0001"]
[Site "Wuerttemberg"]
[Date "2001.04.01"]
[Round "8"]
[White "Born, Mario"]
[Black "Wutzke, Roland"]
[Result "1/2-1/2"]
[WhiteElo "2223"]
[BlackElo "2207"]
[PlyCount "138"]
[EventDate "2000.10.15"]
[EventType "team"]
[EventRounds "9"]
[EventCountry "GER"]
[SourceTitle "EXT 2019"]
[Source "ChessBase"]
[SourceDate "2018.10.10"]
[SourceVersion "1"]
[SourceVersionDate "2018.10.10"]
[SourceQuality "1"]

1. Nf3 d5 2. g3 g6 3. Bg2 Bg7 4. d4 Nf6 5. 0-0 0-0 6. c4 c6 7. Qb3 dxc4 8. Qxc4 Nbd7 9. Nc3 Nb6 10. Qd3 Nfd5 11. Nxd5 cxd5 12. Bf4 Bf5 13. Qb3 Rc8 14. Rac1 Qd7 15. Ne5 Qe6 16. a4 Bxe5 17. dxe5 Qd7 18. a5 Nc4 19. Qb4 b6 20. axb6 Nxb6 21. Bg5 Rxc1 22. Rxc1 Rc8 23. Rxc8+ Nxc8 24. Qd4 Be6 25. h4 Qb5 26. Qd2 Qb8 27. e4 Qxe5 28. Bf4 Qh5 29. exd5 Bd7 30. Qe3 Qd1+ 31. Kh2 Qc2 32. Be5 Qf5 33. Bc3 f6 34. Bd4 a5 35. Qc3 a4 36. Bc5 Kf7 37. Be3 Nd6 38. Bf4 Nc8 39. Qd2 Nd6 40. Qe2 Nc8 41. Bd2 Qc2 42. h5 Qxb2 43. hxg6+ hxg6 44. Qe3 Bf5 45. Bc3 Qb8 46. Qh6 a3 47. Qh7+ Ke8 48. Qg8+ Kd7 49. Be4 Qd6 50. Bxf5+ gxf5 51. Qh7 Qxd5 52. Bxf6 a2 53. Qg7 Qf3 54. Kg1 Qg4 55. Qf7 Qd1+ 56. Kh2 Qe2 57. Bd4 Nd6 58. Qd5 Qc4 59. Qe5 Qe6 60. Qa5 Ke8 61. Qa8+ Kf7 62. Qh8 Qe2 63. Qg7+ Ke6 64. Qg8+ Kd7 65. Qa8 Qc4 66. Qa7+ Ke6 67. Bb2 Ne4 68. Qb8 Nd2 69. Qe5+ Kd7 1/2-1/2

[Event "Oberliga Wuerttemberg 0001"]
[Site "Wuerttemberg"]
[Date "2001.01.28"]
[Round "5.4"]
[White "Kruck, Daniel"]
[Black "Born, Mario"]
[Result "0-1"]
[WhiteElo "2187"]
[BlackElo "2223"]
[PlyCount "75"]
[EventDate "2000.10.15"]
[EventType "team"]
[EventRounds "9"]
[EventCountry "GER"]
[SourceTitle "EXT 2002"]
[Source "ChessBase"]
[SourceDate "2001.11.25"]
[SourceVersion "1"]
[SourceVersionDate "2001.11.25"]
[SourceQuality "1"]

1. c4 Nf6 2. Nf3 c5 3. e3 g6 4. d4 Bg7 5. Nc3 0-0 6. Be2 cxd4 7. exd4 d5 8. c5 Nc6 9. 0-0 Ne4 10. Bf4 Bg4 11. Ne5 Bxe2 12. Nxc6 Bxd1 13. Nxd8 Nxc3 14. bxc3 Be2 15. Nxb7 Bxf1 16. Kxf1 Rac8 17. Rb1 h6 18. Rb5 g5 19. Bg3 f5 20. f4 g4 21. Ke2 Rc7 22. Na5 Rd8 23. Kd3 Kf7 24. Be1 Bf6 25. Nb3 e6 26. Bd2 h5 27. Bc1 h4 28. Ba3 Rg8 29. Ra5 h3 30. g3 Bh4 31. c6 Bxg3 32. Bd6 Rxc6 33. Rxa7+ Kg6 34. Be5 Bxh2 35. Nd2 Bg1 36. Nf1 h2 37. Ng3 Bf2 38. Nh5 0-1

[Event "Oberliga Wuerttemberg 9900"]
[Site "Wuerttemberg"]
[Date "1999.10.10"]
[Round "?"]
[White "Gabriel, Robert A"]
[Black "Born, Mario"]
[Result "0-1"]
[WhiteElo "2279"]
[BlackElo "2206"]
[PlyCount "142"]
[EventDate "1999.??.??"]
[EventType "team"]
[EventRounds "9"]
[EventCountry "GER"]
[SourceTitle "EXT 2005"]
[Source "ChessBase"]
[SourceDate "2004.11.15"]
[SourceVersion "1"]
[SourceVersionDate "2004.11.15"]
[SourceQuality "1"]

1. d4 d5 2. Nf3 c6 3. c4 Nf6 4. e3 Bf5 5. Nc3 e6 6. Bd3 Bxd3 7. Qxd3 Nbd7 8. 0-0 Be7 9. Rd1 0-0 10. e4 dxe4 11. Nxe4 Nxe4 12. Qxe4 Qa5 13. Bd2 Qh5 14. Bc3 Nf6 15. Qe2 Rfd8 16. Rd3 Bd6 17. h3 Qg6 18. Re1 Nh5 19. Qe4 Qxe4 20. Rxe4 Rd7 21. g3 Nf6 22. Re2 Rad8 23. Rdd2 Bc7 24. Kg2 h6 25. a4 Nh7 26. a5 Ng5 27. Ne1 b5 28. b3 a6 29. h4 Nh7 30. Nd3 Bd6 31. Ne5 Bxe5 32. Rxe5 Nf6 33. f3 Rb7 34. Rc5 bxc4 35. bxc4 Rb3 36. Ba1 Rd6 37. d5 exd5 38. cxd5 Nxd5 39. Kf2 Rb5 40. Rdc2 Nb4 41. Rxb5 cxb5 42. Rc8+ Kh7 43. Rc7 Rd2+ 44. Ke1 Ra2 45. Bc3 Nd5 46. Rc5 Nxc3 47. Rxc3 Rxa5 48. Kd2 b4 49. Rc7 f5 50. Rc4 Ra2+ 51. Kc1 a5 52. h5 b3 53. Rf4 a4 54. Rb4 Rg2 55. Rxa4 Rxg3 56. Rf4 g6 57. Kb2 Rh3 58. Kxb3 Rxh5 59. Kc3 Rh1 60. Kd2 h5 61. Ra4 Rh2+ 62. Ke1 Kh6 63. Kf1 Rb2 64. Ra6 Rh2 65. Kg1 Rh4 66. Kg2 Rb4 67. Rc6 Kg5 68. Ra6 Rb2+ 69. Kg3 h4+ 70. Kh3 Rf2 71. Ra3 Kh5 0-1

[Event "Oberliga Wuerttemberg 9899"]
[Site "Wuerttemberg"]
[Date "1999.03.21"]
[Round "8"]
[White "Born, Mario"]
[Black "Meier, Thomas"]
[Result "1/2-1/2"]
[WhiteElo "2225"]
[BlackElo "2215"]
[PlyCount "27"]
[EventDate "1998.10.??"]
[EventType "team"]
[EventRounds "9"]
[EventCountry "GER"]
[SourceTitle "EXT 2000"]
[Source "ChessBase"]
[SourceDate "1999.11.16"]
[SourceVersion "1"]
[SourceVersionDate "1999.11.16"]
[SourceQuality "1"]

1. Nf3 d5 2. d4 c6 3. g3 Bg4 4. Bg2 Nd7 5. 0-0 e6 6. b3 Ngf6 7. Bb2 Be7 8. c4 0-0 9. Nc3 Qa5 10. h3 Bxf3 11. Bxf3 Ba3 12. Bxa3 Qxa3 13. Qd3 Rad8 14. Rfd1 1/2-1/2

[Event "Oberliga Wuerttemberg 9899"]
[Site "Wuerttemberg"]
[Date "1999.02.07"]
[Round "6"]
[White "Born, Mario"]
[Black "Gohil, Harry"]
[Result "0-1"]
[WhiteElo "2225"]
[BlackElo "2305"]
[PlyCount "192"]
[EventDate "1998.10.??"]
[EventType "team"]
[EventRounds "9"]
[EventCountry "GER"]
[SourceTitle "EXT 2000"]
[Source "ChessBase"]
[SourceDate "1999.11.16"]
[SourceVersion "1"]
[SourceVersionDate "1999.11.16"]
[SourceQuality "1"]

1. d4 Nf6 2. g3 g6 3. Bg2 Bg7 4. Nf3 0-0 5. c4 d6 6. 0-0 Nbd7 7. Nc3 e5 8. e4 c6 9. h3 Qb6 10. dxe5 dxe5 11. Qc2 Ne8 12. b3 f6 13. Ba3 Rf7 14. Rad1 Nc5 15. b4 Ne6 16. c5 Qc7 17. Rfe1 f5 18. Bb2 f4 19. Qb3 Kh8 20. Rd2 Qe7 21. Nd5 cxd5 22. exd5 fxg3 23. dxe6 Bxe6 24. Qe3 gxf2+ 25. Rxf2 Nc7 26. Bxe5 Re8 27. Rfe2 Bxe5 28. Qxe5+ Kg8 29. Nd4 Qf8 30. Re4 Qh6 31. Qg3 Rfe7 32. Bf1 Kh8 33. Nxe6 Rxe6 34. Rxe6 Nxe6 35. Bc4 g5 36. Qg4 Ng7 37. Rxe8+ Nxe8 38. Qd7 Qg6 39. Qd4+ Qf6 40. Qe4 Qa1+ 41. Kg2 Qb2+ 42. Kg1 Qa1+ 43. Kg2 Qb2+ 44. Kf3 Qc3+ 45. Qd3 Qe5 46. Qe4 Qc3+ 47. Qd3 Qf6+ 48. Kg2 Qf4 49. Qd5 Nf6 50. Qd8+ Kg7 51. Qe7+ Kh6 52. Qf8+ Kg6 53. Bd3+ Kh5 54. Be2+ g4 55. Bxg4+ Kh4 56. Qd6 Qe4+ 57. Kf2 Nxg4+ 58. hxg4 Kxg4 59. Qg3+ Kf5 60. Qh3+ Ke5 61. Qa3 a6 62. Qa5 Kd4 63. a4 Kc4 64. Qb6 Qc2+ 65. Ke3 Qb3+ 66. Ke2 Qxb4 67. Qc7 h5 68. Qf7+ Kxc5 69. Qxh5+ Kb6 70. Qe8 Ka5 71. Qd7 b6 72. Qd5+ Kxa4 73. Qa2+ Qa3 74. Qc4+ Ka5 75. Qd5+ Qc5 76. Qa2+ Kb5 77. Qb3+ Kc6 78. Qe6+ Kb7 79. Qd7+ Qc7 80. Qd5+ Ka7 81. Kd3 a5 82. Qb5 Kb7 83. Qd5+ Qc6 84. Qd8 Ka6 85. Kd2 b5 86. Qd4 b4 87. Qd3+ Kb7 88. Qf5 a4 89. Qa5 b3 90. Qb4+ Ka6 91. Qf8 b2 92. Qf1+ Qb5 93. Qb1 a3 94. Kc3 Ka5 95. Kd2 Qb4+ 96. Ke3 Qb3+ 0-1

[Event "Oberliga Wuerttemberg 9899"]
[Site "Wuerttemberg"]
[Date "1998.11.08"]
[Round "2"]
[White "Born, Mario"]
[Black "Lach, Bernhard"]
[Result "1/2-1/2"]
[WhiteElo "2225"]
[BlackElo "2250"]
[PlyCount "85"]
[EventDate "1998.10.??"]
[EventType "team"]
[EventRounds "9"]
[EventCountry "GER"]
[SourceTitle "EXT 2000"]
[Source "ChessBase"]
[SourceDate "1999.11.16"]
[SourceVersion "1"]
[SourceVersionDate "1999.11.16"]
[SourceQuality "1"]

1. d4 d5 2. Nf3 Nc6 3. g3 Bg4 4. Bg2 Qd7 5. 0-0 0-0-0 6. b4 Bxf3 7. Bxf3 e5 8. dxe5 Nxe5 9. Qd4 Nc6 10. Qb2 Nf6 11. b5 Na5 12. Bf4 Bd6 13. Qd4 Bxf4 14. Qxa7 Qxb5 15. Nc3 Qa6 16. Qxa6 bxa6 17. gxf4 c6 18. Na4 Kc7 19. Nc5 Kd6 20. Nd3 Nc4 21. Rfd1 Rb8 22. Rab1 Nd2 23. Rxb8 Nxf3+ 24. Kg2 Nh4+ 25. Kh3 Rxb8 26. Kxh4 Ne4 27. e3 a5 28. c4 f6 29. Rc1 a4 30. cxd5 cxd5 31. Rc2 g5+ 32. fxg5 fxg5+ 33. Kg4 Rf8 34. f3 h5+ 35. Kxh5 Rxf3 36. Nb2 a3 37. Nd1 Ke5 38. Kg4 Rf1 39. Nc3 Rg1+ 40. Kh5 Rh1 41. Nxe4 Kxe4 42. Kxg5 Kxe3 43. Rc3+ 1/2-1/2

[Event "Oberliga Wuerttemberg 9798"]
[Site "Wuerttemberg"]
[Date "1998.02.01"]
[Round "7"]
[White "Born, Mario"]
[Black "Roth, Lothar"]
[Result "1/2-1/2"]
[WhiteElo "2220"]
[BlackElo "2200"]
[PlyCount "49"]
[EventDate "1997.09.??"]
[EventType "team"]
[EventRounds "9"]
[EventCountry "GER"]
[SourceTitle "EXT 1999"]
[Source "ChessBase"]
[SourceDate "1998.11.16"]
[SourceVersion "1"]
[SourceVersionDate "1998.11.16"]
[SourceQuality "1"]

1. d4 Nf6 2. Nf3 g6 3. g3 Bg7 4. Bg2 0-0 5. c4 c5 6. 0-0 cxd4 7. Nxd4 Nc6 8. Nc3 Ng4 9. Nxc6 dxc6 10. Qc2 Bf5 11. e4 Be6 12. Ne2 Qb6 13. h3 Ne5 14. Be3 c5 15. b3 Nc6 16. Rad1 Nd4 17. Bxd4 cxd4 18. Kh2 Rad8 19. Rd3 Bc8 20. Nf4 e6 21. Qe2 Qc7 22. Rdd1 h5 23. Nd3 e5 24. Nb4 Be6 25. h4 1/2-1/2

[Event "Budapest Spring op 14th"]
[Site "Budapest"]
[Date "1998.??.??"]
[Round "?"]
[White "Born, Mario"]
[Black "Szuhanek, Ranko"]
[Result "1/2-1/2"]
[WhiteElo "2220"]
[BlackElo "2405"]
[PlyCount "76"]
[EventDate "1998.03.??"]
[EventType "swiss"]
[EventRounds "9"]
[EventCountry "HUN"]
[SourceTitle "EXT 2002"]
[Source "ChessBase"]
[SourceDate "2001.11.25"]
[SourceVersion "1"]
[SourceVersionDate "2001.11.25"]
[SourceQuality "1"]

1. d4 d5 2. Nf3 c6 3. g3 Nf6 4. Bg2 Bg4 5. Ne5 Bf5 6. Nd2 Nbd7 7. Ndf3 e6 8. 0-0 Nxe5 9. Nxe5 Bd6 10. Nd3 0-0 11. b3 a5 12. c4 Re8 13. Bf4 Bxf4 14. Nxf4 dxc4 15. bxc4 e5 16. dxe5 Rxe5 17. Qb3 Qe7 18. Rfe1 Rd8 19. Rad1 Rxd1 20. Qxd1 Ne4 21. Qd4 Nc5 22. e4 g5 23. Nd3 Nxd3 24. Qxd3 Be6 25. Qd4 Qc5 26. Qd8+ Kg7 27. h4 gxh4 28. gxh4 Bxc4 29. Re3 Re6 30. h5 Qxh5 31. Rg3+ Rg6 32. Qd4+ Kf8 33. Rxg6 hxg6 34. Qxc4 Qd1+ 35. Qf1 Qc2 36. Qa1 a4 37. Qh8+ Ke7 38. Qe5+ Kf8 1/2-1/2

[Event "Budapest Spring op 14th"]
[Site "Budapest"]
[Date "1998.??.??"]
[Round "?"]
[White "Born, Mario"]
[Black "Varga, Peter"]
[Result "0-1"]
[WhiteElo "2220"]
[BlackElo "2390"]
[PlyCount "72"]
[EventDate "1998.03.??"]
[EventType "swiss"]
[EventRounds "9"]
[EventCountry "HUN"]
[SourceTitle "EXT 2002"]
[Source "ChessBase"]
[SourceDate "2001.11.25"]
[SourceVersion "1"]
[SourceVersionDate "2001.11.25"]
[SourceQuality "1"]

1. d4 d5 2. Nf3 Nf6 3. g3 c6 4. Bg2 Bg4 5. 0-0 Nbd7 6. b3 e6 7. c4 Be7 8. Nc3 0-0 9. Bb2 h6 10. Nd2 Qa5 11. a3 Qa6 12. Re1 b5 13. Qc2 bxc4 14. bxc4 Bf5 15. e4 Bg6 16. Bf1 dxe4 17. Ncxe4 Nxe4 18. Nxe4 Nf6 19. Bd3 Nxe4 20. Bxe4 Bxe4 21. Rxe4 Bf6 22. Rd1 Rab8 23. Bc1 Rfd8 24. Bf4 Rb7 25. Rd3 Rbd7 26. Be3 e5 27. d5 cxd5 28. cxd5 Rxd5 29. Rxd5 Rxd5 30. Ra4 Qd6 31. Bxa7 Rd1+ 32. Kg2 Rd3 33. Qc5 Qd7 34. Ra5 Qb7+ 35. Kh3 g5 36. Rb5 g4+ 0-1